| 000 | 01175nam a22003497a 4500 | ||
|---|---|---|---|
| 003 | CHAP | ||
| 005 | 20220329143742.0 | ||
| 008 | 110606s1969 mx r 00010 spa d | ||
| 010 | _a101416 | ||
| 011 | _a102388 | ||
| 035 | _a113076 | ||
| 040 | _cCHAP | ||
| 090 | _aTesis | ||
| 100 | 1 |
_aMata Medina, Pedro _972868 |
|
| 245 | 1 | 0 |
_aProyecto de la presa de almacenamiento San Antonio de Aceves, Gto. _c/por Pedro Mata Medina |
| 260 |
_aMéxico, D.F. : _bEl autor, _c1969 |
||
| 300 |
_a117 h. : _bilus. |
||
| 502 | _aTesis (Ing. Civil) -- UNAM. Facultad de Ingeniería | ||
| 590 |
_aALEPH _b10 _c20130110 _lUCH01 _h1540 |
||
| 590 |
_aBATCH-UPD _b10 _c20130110 _lUCH01 _h1633 |
||
| 590 |
_aBATCH-UPD _b10 _c20130410 _lUCH01 _h1025 |
||
| 590 |
_aBATCH-UPD _b10 _c20130914 _lUCH01 _h1804 |
||
| 590 |
_aCONVERSION _b10 _c20130109 _lUCH01 _h1356 |
||
| 650 | 1 | 4 |
_aAgua de lluvia _xAlmacenamiento. _92413 |
| 650 | 1 | 4 |
_aAgua para irrigacion. _92430 |
| 650 | 1 | 4 |
_aPoblación rural. _989447 |
| 650 | 1 | 4 |
_aPresas _xGuanajuato. _991487 |
| 650 | 1 | 4 |
_aProyectos _xDiseño. _992524 |
| 901 | _aBK | ||
| 942 | _cTESIS | ||
| 949 |
_aTesis _bBC _cTES _d33724002247702 _eTS1 _gDonaciØn _h52359 _i113076 _sb |
||
| 999 |
_c101416 _d101416 |
||